000 00300nam a22001337a 4500
008 170714b xxu||||| |||| 00| 0 eng d
020 _a9780262201148
041 _aeng
080 _a101
100 _a24
101 _aFJA
245 _aCONFESSIONS OF A MEDICINE MAN
_cTAUBER,A.I
942 _2udc
_cBK
999 _c20684
_d20684